000 01311nam a2200373 c 4500
001 58672
003 CO-BoRNBP
005 20250827162837.0
007 ta
008 211027s2021 ck a ||ar ||| 00| p spa d
020 _a9789585591868
040 _aCO-BoRNBP
_bspa
_erda
_cCO-BoRNBP
041 0 _aspa
043 _ae-sp---
084 _aP
100 _aOrtega Martínez, Esperanza,
_d1953-
_eaut
_91039
245 1 1 _a¿Qué pasó en aquellos nueve meses? /
_ctexto Esperanza Ortega ; ilustración Ana Suárez.
250 _aEdición especial
264 1 _aBogotá, Colombia :
_bA buen paso,
_c2021
300 _a[26] páginas sin numerar :
_bilustraciones a color
336 _atexto
_btxt
_2rdacontent
337 _asin mediación
_bn
_2rdamedia
338 _avolumen
_bnc
_2rdacarrier
490 0 _aPlan Nacional de Lectura y Escritura Leer es mi Cuento / Ministerio de Cultura
521 _aRecomendado para un público infantil mayor de 3 años
650 0 7 _aEmbarazo
_vPoesía
_2lemb
_91041
650 0 4 _aLiteratura infantil española
_ySiglo XX
_2LEMB
_9845
650 0 7 _aNacimiento
_vPoesía
_2lemb
_91042
650 0 4 _aPoesía infantil española
_ySiglo XX
_2LEMB
_91040
655 _aPoesía
_962912
655 _aPoesía
_962912
700 _aSuárez, Ana,
_d1987-
_eill
_91043
942 _2loc
_cBKLIT
999 _c58672
_d58672